004780000a22001330004500090001700000245012000017041001400137700003700151700002700188100003400215942001300249773006500262999001700327 aASbSeriadas10aUtilización del tiempo y patrones de actividad de Callicebus cupreus (Primates: Cebidae) en la Macarena, Colombia0 aEspañol1 aGarcía, José Enrique91003351 aCadena, Alberto9219771 aPolanco Ochoa, Rocío920628 cARTICULO1 tTrianeakActa Científica y Tecnológicah5q305-322d1994 c16140d16140